Introduction to Health Physics (Record no. 19080)

MARC details
000 -LEADER
fixed length control field 00468nam a22001697a 4500
008 - FIXED-LENGTH DATA ELEMENTS--GENERAL INFORMATION
fixed length control field 211102b |||||||| |||| 00| 0 eng d
020 ## - INTERNATIONAL STANDARD BOOK NUMBER
International Standard Book Number 125992145X
050 ## - LIBRARY OF CONGRESS CALL NUMBER
Classification number R895
Item number .J64 2009 c.1
100 ## - MAIN ENTRY--PERSONAL NAME
Personal name Johnson, Thomas E.
245 ## - TITLE STATEMENT
Title Introduction to Health Physics
Statement of responsibility, etc. Thomas E. Johnson
250 ## - EDITION STATEMENT
Edition statement 5th ed.
260 ## - PUBLICATION, DISTRIBUTION, ETC. (IMPRINT)
Place of publication, distribution, etc. New York
Name of publisher, distributor, etc. McGrawHill
Date of publication, distribution, etc. 2009
300 ## - PHYSICAL DESCRIPTION
Extent xi, 931p.
650 ## - SUBJECT ADDED ENTRY--TOPICAL TERM
Topical term or geographic name as entry element health Physics
650 ## - SUBJECT ADDED ENTRY--TOPICAL TERM
Topical term or geographic name as entry element Radiation protection
Form subdivision Methods
942 ## - ADDED ENTRY ELEMENTS (KOHA)
Source of classification or shelving scheme Library of Congress Classification
Koha item type General Collection
Holdings
Withdrawn status Lost status Source of classification or shelving scheme Not for loan Home library Current library Date acquired Cost, normal purchase price Total Checkouts Full call number Barcode Date last seen Price effective from Koha item type
    Library of Congress Classification   Kabarak, Main Campus Kabarak, Main Campus 02/11/2021 10137.00   R895 .J64 2009 c.1 031207 02/11/2021 02/11/2021 General Collection
    Library of Congress Classification   Kabarak, Main Campus Kabarak, Main Campus 02/11/2021 10137.00   R895 .J64 2009 c.2 031208 02/11/2021 02/11/2021 General Collection
Designed with assistance from East African Informatics Ltd